| 000 | 02386cam a22005177a 4500 | ||
|---|---|---|---|
| 001 | 000058896 | ||
| 003 | CHAP | ||
| 005 | 20220329140811.0 | ||
| 008 | 971013s1979 r 00010 d | ||
| 010 | _a57830 | ||
| 011 | _a58802 | ||
| 035 | _a62958 | ||
| 040 | _cCHAP | ||
| 082 | 0 | 4 |
_a595.7 _bD65 |
| 100 | 0 | 0 |
_aDomínguez Rivero, Román. _933879 |
| 245 | 1 | 0 | _aTaxonomía de insectos. |
| 260 |
_aChapingo, Méx. : _bUACH. Departamento de Parasitología Agrícola, _c1979. |
||
| 300 |
_a2 v. : _b: ilus. |
||
| 500 | _aLa biblioteca tiene: v.1 Clases y diagnosis para órdenes de insectos -- v.2 Claves para órdenes mayores | ||
| 590 |
_aBATCH-UPD _b10 _c20130110 _lUCH01 _h1925 |
||
| 590 |
_aBATCH-UPD _b10 _c20130410 _lUCH01 _h1250 |
||
| 590 |
_aBATCH-UPD _b10 _c20130914 _lUCH01 _h1646 |
||
| 590 |
_aCONVERSION _b10 _c20130109 _lUCH01 _h1331 |
||
| 590 |
_aE5995AHE _b05 _c20150225 _lUCH01 _h0908 |
||
| 650 | 1 | 4 |
_aEntomología sistemática. _937154 |
| 650 | 1 | 4 |
_aInsectos _xAnatomía y fisiología. _958891 |
| 901 | _aBK | ||
| 942 | _cLIBRO | ||
| 942 | _n0 | ||
| 949 |
_a595.7 D65 _bBC _cLIBRO _d-135059 _eLIBRO _fv.1 _h47205 _i62958 _si |
||
| 949 |
_a595.7 D65 _bBC _cLIBRO _d-135074 _eLIBRO _fv.2 c.2 _h48039 _i62958 _si |
||
| 949 |
_a595.7 D65 _bBC _cLIBRO _d-135075 _eLIBRO _fv.2 c.3 _h48040 _i62958 _si |
||
| 949 |
_a595.7 D65 _bBC _cLIBRO _d33724000349494 _eLIBRO _fv.2 _h48038 _i62958 _si |
||
| 949 |
_a595.7 D65 _bBC _cLIBRO _d33724000349502 _eLIBRO _fv.1 c.2 _h47206 _i62958 _si |
||
| 949 |
_a595.7 D65 _bBC _cLIBRO _d33724000349510 _eLIBRO _fv.1 c.5 _h47209 _i62958 _si |
||
| 949 |
_a595.7 D65 _bBC _cLIBRO _d33724000349528 _eLIBRO _fv.1 c.3 _h47207 _i62958 _si |
||
| 949 |
_a595.7 D65 _bBC _cLIBRO _d33724000349544 _eLIBRO _fv.1 c.7 _h47211 _i62958 _si |
||
| 949 |
_a595.7 D65 _bBC _cLIBRO _d33724000663134 _eLIBRO _fv.1 c.6 _h47210 _i62958 _si |
||
| 949 |
_a595.7 D65 _bBC _cLIBRO _d33724000756045 _eLIBRO _fv.1 c.8 _h47212 _i62958 _si |
||
| 949 |
_a595.7 D65 _bBC _cLIBRO _d33724000773529 _eLIBRO _fv.2 c.6 _h96567 _i62958 _si |
||
| 949 |
_a595.7 D65 _bBC _cLIBRO _d33724000982245 _eLIBRO _fv.1 c.10 _h47214 _i62958 _si |
||
| 949 |
_a595.7 D65 _bBC _cLIBRO _d33724002010132 _eLIBRO _fv.1 c.4 _h47208 _i62958 _so |
||
| 949 |
_a595.7 D65 _bBC _cLIBRO _d33724002054629 _eLIBRO _fv.2 c.4 _h48041 _i62958 _si |
||
| 949 |
_a595.7 D65 _bBC _cUACH _d-135069 _eUACH _fv.1 c.9 _h48040 _i62958 _si |
||
| 949 |
_a595.7 D65 _bBC _cUACH _d-135077 _eUACH _fv.2 c.5 _h48042 _i62958 _si |
||
| 999 |
_c57830 _d57830 |
||